Profesores canarios en Cuba durante el siglo XIX / (Record no. 18484)

MARC details
000 -LEADER
campo de control de longitud fija 01336nam a2200361 i 4500
001 - NÚMERO DE CONTROL
campo de control 18484
003 - IDENTIFICADOR DE NÚMERO DE CONTROL
campo de control ES-MaACL
005 - FECHA Y HORA DE LA ÚLTIMA TRANSACCIÓN
campo de control 20240924104646.0
007 - CAMPO FIJO DE DESCRIPCIÓN FÍSICA--INFORMACIÓN GENERAL
campo de control de longitud fija t|
008 - DATOS DE LONGITUD FIJA--INFORMACIÓN GENERAL
campo de control de longitud fija 011107s2000 sp ||||0| spa j
020 ## - NÚMERO INTERNACIONAL ESTÁNDAR DEL LIBRO
Número Internacional Estándar del Libro 84-8103-229-8
040 ## - FUENTE DE CATALOGACIÓN
Centro catalogador/agencia de origen M-BN
Lengua de catalogación spa
Centro/agencia transcriptor M-BN
080 ## - NÚMERO DE LA CLASIFICACIÓN DECIMAL UNIVERSAL
Número de la Clasificación Decimal Universal 929(=1.460.41:729.1)"18"
080 ## - NÚMERO DE LA CLASIFICACIÓN DECIMAL UNIVERSAL
Número de la Clasificación Decimal Universal 37(729.1)"18"
080 ## - NÚMERO DE LA CLASIFICACIÓN DECIMAL UNIVERSAL
Número de la Clasificación Decimal Universal 371.124(729.1)"18"
100 1# - ENTRADA PRINCIPAL--NOMBRE DE PERSONA
Nombre de persona Negrín Fajardo, Olegario.
9 (RLIN) 85310
245 10 - MENCIÓN DEL TÍTULO
Título Profesores canarios en Cuba durante el siglo XIX /
Mención de responsabilidad, etc. Olegario Negrín Fajardo.
260 ## - PUBLICACIÓN, DISTRIBUCIÓN, ETC.
Lugar de publicación, distribución, etc. Las Palmas de Gran Canaria :
Nombre del editor, distribuidor, etc. Ediciones del Cabildo de Gran Canaria,
Fecha de publicación, distribución, etc. 2000.
300 ## - DESCRIPCIÓN FÍSICA
Extensión 322 p ;
Dimensiones 21 cm.
490 1# - MENCIÓN DE SERIE
Mención de serie Historia
500 ## - NOTA GENERAL
Nota general Catalogación provisional. Signatura: N-8905. Depósito J.
504 ## - NOTA DE BIBLIOGRAFÍA, ETC.
Nota de bibliografía, etc. Bibliografía: p. 295-312.
650 14 - PUNTO DE ACCESO ADICIONAL DE MATERIA--TÉRMINO DE MATERIA
Término de materia o nombre geográfico como elemento de entrada Canarios-
Subdivisión geográfica Cuba-
Subdivisión cronológica S.XIX.
9 (RLIN) 10716
650 #4 - PUNTO DE ACCESO ADICIONAL DE MATERIA--TÉRMINO DE MATERIA
Término de materia o nombre geográfico como elemento de entrada Enseñanza-
Subdivisión geográfica Cuba
9 (RLIN) 12282
650 14 - PUNTO DE ACCESO ADICIONAL DE MATERIA--TÉRMINO DE MATERIA
Término de materia o nombre geográfico como elemento de entrada Profesores-
Subdivisión geográfica Cuba-
Subdivisión cronológica S.XIX.
9 (RLIN) 16458
710 1# - ENTRADA AGREGADA--NOMBRE DE ENTIDAD CORPORATIVA
Nombre de entidad corporativa o nombre de jurisdicción como elemento de entrada Gran Canaria.
Unidad subordinada Cabildo Insular.
9 (RLIN) 2264
830 0# - PUNTO DE ACCESO ADICIONAL DE SERIE-TÍTULO UNIFORME
Título uniforme Historia
9 (RLIN) 177536
852 ## - LOCALIZACIÓN
Ubicación ES-MaACL
Número de control de estantería L-25101
Sublocalización o colección R.130423
Encuadernación Rústica con solapas
itemnumber 19058
Ubicación en estantería Depósito 2
852 ## - LOCALIZACIÓN
Ubicación ES-MaACL
Número de control de estantería N-8905
Sublocalización o colección R.153606
Ubicación en estantería Depósito J
Encuadernación Rústica con solapas
itemnumber 203918
Donativo/Legado Donación: Editorial
Copia número Duplicado
942 ## - ELEMENTOS DE ENTRADA SECUNDARIOS (KOHA)
Fuente del sistema de clasificación o colocación Clasificación decimal universal
Tipo de ítem Koha Libro impreso
Holdings
Estatus retirado Estado de pérdida Estado de daño No para préstamo Biblioteca de origen Biblioteca actual Ubicación en estantería Fecha de adquisición Fuente de adquisición Total de préstamos Signatura topográfica completa Código de barras Visto por última vez Precio de reemplazo Tipo de ítem Koha Fuente del sistema de clasificación o colocación Restricciones de uso
        Biblioteca del Ateneo de Madrid Biblioteca del Ateneo de Madrid Depósito 2 17/01/2008     L-25101 1018910 23/02/2023 23/02/2023 Libro impreso    
        Biblioteca del Ateneo de Madrid Biblioteca del Ateneo de Madrid Depósito J 26/07/2024 Donación   N-8905 101228897 26/07/2024 26/07/2024 Libro impreso Clasificación decimal universal Duplicado